[Event "Unterfranken-ch69 HT"]
[Site "Schweinfurt"]
[Date "2018.04.07"]
[Round "9"]
[White "Gerhard, Philipp"]
[Black "Brennfleck, Martin"]
[Result "0-1"]
[WhiteElo "964"]
[BlackElo "1656"]
[PlyCount "54"]
[EventDate "2018.04.02"]
[EventType "swiss"]
[EventRounds "9"]
[EventCountry "GER"]
[SourceTitle "EXT 2019"]
[Source "ChessBase"]
[SourceDate "2018.10.10"]
[SourceVersion "1"]
[SourceVersionDate "2018.10.10"]
[SourceQuality "1"]

1. e4 c5 2. Nf3 g6 3. d3 Nc6 4. Be3 e6 5. Nc3 d6 6. Be2 Bg7 7. Qd2 Nge7 8. 0-0 0-0 9. Bh6 a6 10. Bxg7 Kxg7 11. Ng5 Nd4 12. Bd1 f6 13. Nh3 Nec6 14. Re1 f5 15. Re3 f4 16. Re1 e5 17. g3 Bxh3 18. gxf4 Rxf4 19. Kh1 Nf3 20. Bxf3 Rxf3 21. Rg1 Qf6 22. Raf1 Bxf1 23. Rxf1 Rf8 24. Nd5 Qh4 25. Nc3 Rxf2 26. Rxf2 Rxf2 27. Qxf2 Qxf2 0-1

[Event "Unterfranken-ch HA 63th"]
[Site "Schweinfurt"]
[Date "2012.04.13"]
[Round "7"]
[White "Linz, Maximilian"]
[Black "Brennfleck, Martin"]
[Result "1/2-1/2"]
[WhiteElo "1382"]
[BlackElo "1473"]
[PlyCount "23"]
[EventDate "2012.04.09"]
[EventType "swiss"]
[EventRounds "9"]
[EventCountry "GER"]
[SourceTitle "EXT 2015"]
[Source "ChessBase"]
[SourceDate "2014.11.20"]
[SourceVersion "1"]
[SourceVersionDate "2014.11.20"]
[SourceQuality "1"]

1. e4 e6 2. d4 d5 3. e5 c5 4. c3 Nc6 5. Nf3 Qb6 6. Bd3 cxd4 7. cxd4 Bd7 8. Bc2 Bb4+ 9. Nc3 Nge7 10. a3 Bxc3+ 11. bxc3 Qc7 12. 0-0 1/2-1/2

[Event "Unterfranken-ch HA 63th"]
[Site "Schweinfurt"]
[Date "2012.04.11"]
[Round "5"]
[White "Heller, Thomas"]
[Black "Brennfleck, Martin"]
[Result "1-0"]
[WhiteElo "1729"]
[BlackElo "1473"]
[PlyCount "109"]
[EventDate "2012.04.09"]
[EventType "swiss"]
[EventRounds "9"]
[EventCountry "GER"]
[SourceTitle "EXT 2015"]
[Source "ChessBase"]
[SourceDate "2014.11.20"]
[SourceVersion "1"]
[SourceVersionDate "2014.11.20"]
[SourceQuality "1"]

1. e4 e5 2. c4 b6 3. d3 Bb7 4. g3 c6 5. Bg2 d5 6. b3 dxc4 7. dxc4 Qxd1+ 8. Kxd1 Bc5 9. Bb2 Bd4 10. Nc3 Nd7 11. f3 Nc5 12. Kc2 0-0-0 13. Rd1 f6 14. Nge2 Be3 15. Rxd8+ Kxd8 16. Rd1+ Kc7 17. Bh3 Ne7 18. b4 Rd8 19. Rxd8 Kxd8 20. bxc5 Bxc5 21. Kb3 Kc7 22. Ba3 Bxa3 23. Kxa3 Kd6 24. Kb3 Kc7 25. Bg4 Kd6 26. h4 g6 27. Bh3 f5 28. g4 Bc8 29. gxf5 gxf5 30. exf5 Bxf5 31. Bg4 Ke6 32. Ne4 h6 33. h5 Ng8 34. N2g3 Bxg4 35. fxg4 Nf6 36. Nxf6 Kxf6 37. Ne4+ Ke6 38. Kc3 Ke7 39. g5 hxg5 40. Nxg5 Kf6 41. Ne4+ Kg7 42. Nd6 Kh6 43. Nf7+ Kxh5 44. Nxe5 c5 45. Nf7 Kg6 46. Nd6 Kf6 47. Nc8 Ke6 48. Nxa7 Kd7 49. Kb3 Kc7 50. Ka4 Kb7 51. Nb5 Kb8 52. Nc3 Ka7 53. Kb5 Kb7 54. Nd5 Kb8 55. Kxb6 1-0

[Event "Unterfranken-ch HA 63th"]
[Site "Schweinfurt"]
[Date "2012.04.09"]
[Round "1"]
[White "Heilmann, Stefan"]
[Black "Brennfleck, Martin"]
[Result "1-0"]
[WhiteElo "1069"]
[BlackElo "1473"]
[PlyCount "104"]
[EventDate "2012.04.09"]
[EventType "swiss"]
[EventRounds "9"]
[EventCountry "GER"]
[SourceTitle "EXT 2015"]
[Source "ChessBase"]
[SourceDate "2014.11.20"]
[SourceVersion "1"]
[SourceVersionDate "2014.11.20"]
[SourceQuality "1"]

1. e4 e6 2. d4 d5 3. e5 c5 4. c3 Nc6 5. Nf3 Qb6 6. Nbd2 cxd4 7. cxd4 Nge7 8. Nb3 Nf5 9. Bd3 Bb4+ 10. Ke2 Nfxd4+ 11. Nbxd4 Nxd4+ 12. Nxd4 Qxd4 13. Bb5+ Bd7 14. Qxd4 Bxb5+ 15. Ke3 Be7 16. Bd2 0-0 17. Bb4 Bd8 18. Bxf8 Bb6 19. Bc5 Rc8 20. Bxb6 Rc4 21. Qd2 Re4+ 22. Kf3 Rxe5 23. Rac1 Rf5+ 24. Kg3 h6 25. Rc8+ Kh7 26. h3 axb6 27. b3 Bc6 28. Rxc6 bxc6 29. Rc1 c5 30. a4 d4 31. b4 Rg5+ 32. Kh2 Rd5 33. bxc5 bxc5 34. a5 c4 35. Rxc4 Rxa5 36. Qxa5 d3 37. Rc7 Kg6 38. Qd2 f5 39. Qxd3 e5 40. Rf7 Kxf7 41. Qxf5+ Kg8 42. Qxe5 Kh7 43. Kg3 Kg6 44. Kg4 Kh7 45. Kf5 h5 46. Kg5 h4 47. Qf5+ g6 48. Qxg6+ Kh8 49. Qa6 Kg7 50. Qa7+ Kf8 51. Kf6 Ke8 52. Ke6 Kf8 1-0

[Event "Unterfranken-ch Seniors 62th"]
[Site "Gerolzhofen"]
[Date "2011.04.28"]
[Round "5"]
[White "Brennfleck, Martin"]
[Black "Hassler, Guenther"]
[Result "0-1"]
[WhiteElo "1482"]
[BlackElo "1758"]
[PlyCount "78"]
[EventDate "2011.04.25"]
[EventType "tourn"]
[EventRounds "7"]
[EventCountry "GER"]
[SourceTitle "EXT 2015"]
[Source "ChessBase"]
[SourceDate "2014.11.20"]
[SourceVersion "1"]
[SourceVersionDate "2014.11.20"]
[SourceQuality "1"]

1. d4 Nf6 2. Nf3 d5 3. e3 c6 4. Bd3 Bg4 5. Nbd2 Nbd7 6. 0-0 e5 7. e4 dxe4 8. Nxe4 Nxe4 9. Bxe4 f5 10. Bd3 e4 11. Re1 Be7 12. Bxe4 fxe4 13. Rxe4 Nf6 14. Re1 0-0 15. c3 Nd5 16. c4 Bxf3 17. gxf3 Nf4 18. Re4 Bd6 19. Bxf4 Bxf4 20. Kh1 Qd6 21. Qg1 Rf6 22. Qg4 Raf8 23. Rae1 Rg6 24. Re6 Rxg4 25. Rxd6 Bxd6 26. fxg4 Rxf2 27. Re8+ Kf7 28. Ra8 Rxh2+ 29. Kg1 Rxb2 30. Rxa7 Bf4 31. Ra3 Kg6 32. Kf1 Kg5 33. d5 cxd5 34. cxd5 Kxg4 35. Rd3 Rxa2 36. d6 Rd2 37. Rxd2 Bxd2 38. d7 Ba5 39. d8Q Bxd8 0-1

[Event "Unterfranken-ch Seniors 62th"]
[Site "Gerolzhofen"]
[Date "2011.04.25"]
[Round "1"]
[White "Stegnar, Simon"]
[Black "Brennfleck, Martin"]
[Result "0-1"]
[WhiteElo "905"]
[BlackElo "1482"]
[PlyCount "87"]
[EventDate "2011.04.25"]
[EventType "tourn"]
[EventRounds "7"]
[EventCountry "GER"]
[SourceTitle "EXT 2015"]
[Source "ChessBase"]
[SourceDate "2014.11.20"]
[SourceVersion "1"]
[SourceVersionDate "2014.11.20"]
[SourceQuality "1"]

1. e4 e6 2. d4 d5 3. Nc3 c5 4. Nf3 Nc6 5. Be3 Qb6 6. b3 Nf6 7. Bd3 cxd4 8. Bxd4 Nxd4 9. Bb5+ Nc6 10. exd5 Bb4 11. Qd3 0-0 12. 0-0 Bxc3 13. Qxc3 Nxd5 14. Qd3 Rd8 15. Bc4 Nf6 16. Qe2 Nd4 17. Nxd4 Rxd4 18. Rad1 Bd7 19. Rxd4 Qxd4 20. Rd1 Qb6 21. h3 Bc6 22. Bd3 Rd8 23. a4 Be4 24. Bxe4 Rxd1+ 25. Qxd1 Nxe4 26. Qe2 Qd4 27. Qe1 f5 28. c3 Qd2 29. Qxd2 Nxd2 30. b4 Kf7 31. f3 b6 32. Kf2 Nc4 33. Ke2 Nb2 34. a5 bxa5 35. bxa5 Ke7 36. Ke3 Nc4+ 37. Kd4 Nxa5 38. Kc5 Kd7 39. Kb5 Nc6 40. c4 Kc7 41. Ka6 e5 42. c5 e4 43. fxe4 fxe4 44. Kb5 0-1